000 00290nam a2200109Ia 4500
008 200302s9999 xx 000 0 und d
100 _aMichael J. Bednar, AIA
245 _aInterior Pedestrian Places
260 _bAn Imprint of Watson - Guptill publication
260 _c1989
300 _a240 P.,
999 _c924
_d924